Catalog

Record Details

Catalog Search



Dobrodružství Toma Sawyera  Cover Image Book Book

Dobrodružství Toma Sawyera / Mark Twain ; [ilustroval Kamil Lhoták ; z anglického originálu ... přeložil František Gel]

Record details

  • Physical Description: 234 s., [7] l. obr. příl. : il. (některé barev.) ; 25 cm
  • Edition: 8. vyd. v Albatrosu
  • Publisher: Praha : Albatros, 1985

Content descriptions

General Note:
60000 výt.

Available copies

  • 1 of 1 copy available at Common Catalog SPOK.

Holds

  • 0 current holds with 1 total copy.
Show Only Available Copies
Location Call Number / Copy Notes Barcode Shelving Location Status Due Date
KDS Library 810 TwM 204576801384 Library Available -

LDR 00971nam a2200289 a 4500
00121046
003CZ-PrJAB
00520150713071127.0
007ta
008851111s1985 xr af 000 | cze
015 . ‡acnb000028803
020 . ‡q(Váz.) : ‡cKčs 30,00
035 . ‡a(CZ PrNK)ck8504782
035 . ‡a(OCoLC)39580832
040 . ‡aABA001 ‡bcze ‡dABA001
0411 . ‡acze ‡heng
080 . ‡a820(73)-93-31 ‡2undef
1001 . ‡aTwain, Mark, ‡d1835-1910 ‡7jn19981002263 ‡4aut
24010. ‡aAdventures of Tom Sawyer. ‡lČesky
24510. ‡aDobrodružství Toma Sawyera / ‡cMark Twain ; [ilustroval Kamil Lhoták ; z anglického originálu ... přeložil František Gel]
250 . ‡a8. vyd. v Albatrosu
260 . ‡aPraha : ‡bAlbatros, ‡c1985
300 . ‡a234 s., [7] l. obr. příl. : ‡bil. (některé barev.) ; ‡c25 cm
500 . ‡a60000 výt.
7001 . ‡aGel, František, ‡d1901-1972 ‡7jk01032388 ‡4trl
7001 . ‡aLhoták, Kamil, ‡d1912-1990 ‡7jk01072017 ‡4ill
910 . ‡aABE463
998 . ‡a000028803
901 . ‡a21046 ‡b ‡c21046 ‡tbiblio

Additional Resources